Game Of Thrones- By The Numbers - Statistics

General Stats
  • This quiz has been taken 356 times
  • The average score is 39 of 55
Answer Stats
Number Answer % Correct
4- Most Recent Kings Of Westeros Joffrey Baratheon
98%
4- Most Recent Kings Of Westeros Robert Baratheon
97%
10- On Screen Starks Sansa Stark
97%
4- Most Recent Kings Of Westeros Tommen Baratheon
97%
10- On Screen Starks Arya Stark
96%
8- On Screen Lannisters Cersei Lannister
96%
10- On Screen Starks Eddard Stark
96%
6- Direwolves Ghost
96%
8- On Screen Lannisters Tyrion Lannister
96%
8- On Screen Lannisters Tywin Lannister
96%
6- Direwolves Lady
95%
2- Named Red Priestesses Melisandre
95%
6- Direwolves Nymeria
95%
10- On Screen Starks Rickon Stark
95%
10- On Screen Starks Bran Stark
94%
8- On Screen Lannisters Jaime Lannister
94%
7- Beyond The Wall Team/Suicide Squad Jon Snow
94%
10- On Screen Starks Robb Stark
94%
6- Direwolves Summer
93%
6- Direwolves Shaggy Dog
91%
10- On Screen Starks Benjen Stark
89%
6- Direwolves Grey Wind
89%
8- On Screen Lannisters Lancel Lannister
89%
4- Most Recent Kings Of Westeros Aerys Targaryen
86%
8- On Screen Lannisters Kevan Lannister
81%
10- On Screen Starks Lyanna Stark
79%
9- Free Cities Braavos
77%
7- Beyond The Wall Team/Suicide Squad Tormund Giantsbane
74%
5- Valyrian Steel Weapons Oathkeeper
71%
9- Free Cities Pentos
70%
7- Beyond The Wall Team/Suicide Squad Sandor Clegane
70%
1- First Sword to the Sea Lord of Braavos Syrio Forel
69%
7- Beyond The Wall Team/Suicide Squad Thoros Of Myr
68%
7- Beyond The Wall Team/Suicide Squad Beric Dondarrion
67%
5- Valyrian Steel Weapons Longclaw
67%
7- Beyond The Wall Team/Suicide Squad Gendry Waters
65%
10- On Screen Starks Brandon Stark
64%
10- On Screen Starks Rickard Stark
64%
5- Valyrian Steel Weapons Widow's Wail
62%
7- Beyond The Wall Team/Suicide Squad Jorah Mormont
61%
9- Free Cities Myr
58%
9- Free Cities Lys
54%
9- Free Cities Volantis
53%
5- Valyrian Steel Weapons Heartsbane
47%
8- On Screen Lannisters Martyn Lannister
41%
8- On Screen Lannisters Willem Lannister
39%
3- Witches/Warlocks Mirri Maz Duur
38%
3- Witches/Warlocks Pyat Pree
37%
9- Free Cities Tyrosh
30%
9- Free Cities Qohor
25%
9- Free Cities Lorath
24%
9- Free Cities Norvos
24%
2- Named Red Priestesses Kinvara
18%
3- Witches/Warlocks Maggy The Frog
17%
5- Valyrian Steel Weapons Catspaw Dagger
9%
No matching quizzes found
Score Distribution
Percent of People with Each Score
Percentile by Number Answered
Your Score History
You have not taken this quiz